[Event "Interclubs Jeunes"]
[Site "Villepinte"]
[Date "20/12/2009"]
[Round "5.8"]
[White "Boudia, Rayan"]
[Black "Raynaud, Jean-Philippe"]
[Result "0-1"]
[WhiteElo "1460"]
[BlackElo "1220"]
[WhiteTeam "A.E.C.E."]
[BlackTeam "Cannes"]

1. d4 d5 2. c4 c6 3. Nc3 dxc4 4. e4 b5 5. a4 e5 6. Nf3 exd4 7. Qxd4 Qxd4 8.
Nxd4 Bc5 9. Nf3 b4 10. Nd1 Be6 11. Be2 Nf6 12. O-O Nxe4 13. Be3 Bxe3 14. Nxe3
c3 15. bxc3 Nxc3 16. Bd3 O-O 17. Rfc1 Rd8 18. Bf1 c5 19. Kh1 Nc6 20. Ba6 Nd4
21. Nxd4 cxd4 22. Nd1 Ne2 23. Bxe2 d3 24. Bf3 d2 25. Rcb1 Rab8 26. Rb2 Bf5 27.
h3 Rd4 28. Ne3 Rc8 29. Rxd2 Rxd2 30. Nxf5 Rcd8 31. Ne3 Rxf2 32. Nc4 Rc2 33. Ne3
Rcd2 34. Nc4 Rf2 35. Ne3 Re8 36. Bc6 Re7 37. Kg1 Rf4 38. g3 Rd4 39. Bb5 Rde4
0-1

[Event "Interclubs Jeunes"]
[Site "Villepinte"]
[Date "20/12/2009"]
[Round "5.9"]
[White "Raynaud, Jean-Philippe"]
[Black "O'Sullivan, Thomas"]
[Result "0-1"]
[WhiteElo "1220"]
[BlackElo "1840"]
[WhiteTeam "Cannes"]
[BlackTeam "A.E.C.E."]

1. d4 Nf6 2. c4 g6 3. Nc3 Bg7 4. e4 d6 5. Bg5 O-O 6. g3 Nbd7 7. Nf3 c5 8. d5 a6
9. Bg2 Qa5 10. O-O b5 11. b3 Qxc3 12. Re1 Re8 13. Re3 Qa5 14. e5 dxe5 15. Nxe5
Nxe5 16. Rxe5 Rb8 17. Bxf6 Bxf6 18. Re2 Bf5 19. Rc1 Bd4 20. Qe1 Qb6 21. a4 Bg4
22. Re4 Bf5 23. Re2 Qf6 24. Rd1 Bg4 25. Rxd4 Qxd4 26. Rxe7 Rxe7 27. Qxe7 Qd1+
28. Bf1 Bh3 29. Qe2 Qa1 30. d6 bxc4 31. Qxc4 Be6 32. Qxa6 Rxb3 33. Kg2 Rb1 34.
a5 Rxf1 35. Qxf1 Bh3+ 36. Kxh3 Qxf1+ 37. Kg4 Qd1+ 38. Kh3 Qxd6 39. g4 c4 40. g5
c3 41. a6 Qxa6 42. f4 c2 43. f5 c1=Q 44. f6 Qf4 45. Kg2 Qaf1# 0-1

[Event "Interclubs Jeunes"]
[Site "Villepinte"]
[Date "20/12/2009"]
[Round "5.10"]
[White "Mautin, Arthur"]
[Black "Boudia, Rayan"]
[Result "0-1"]
[WhiteElo "1410"]
[BlackElo "1460"]
[WhiteTeam "Cannes"]
[BlackTeam "A.E.C.E."]

1. d4 Nf6 2. Nf3 g6 3. c4 Bg7 4. Nc3 O-O 5. e4 d6 6. Bf4 Nbd7 7. Bd3 c5 8. d5
Re8 9. O-O e6 10. Re1 exd5 11. cxd5 a6 12. Qd2 b5 13. b3 b4 14. Nb1 Ng4 15. h3
Nxf2 16. Qxf2 Bxa1 17. Nbd2 Bg7 18. Nc4 Bc3 19. Rd1 Bg7 20. Nxd6 Rf8 21. Qe2
Qb6 22. Nc4 Qf6 23. Be5 Nxe5 24. Ncxe5 Qe7 25. Nc6 Qc7 26. Bc4 Bb7 27. Qe3 Bxc6
28. dxc6 Qxc6 29. Bd5 Qd7 30. Qe2 Rad8 31. Qxa6 Kh8 32. Qc4 Qe7 33. Qc2 Bh6 34.
Bc6 Rxd1+ 35. Qxd1 Be3+ 36. Kf1 Rd8 37. Qe2 Qd6 38. Qxe3 Qxc6 39. Ng5 Qf6+ 40.
Kg1 Rd1+ 41. Kh2 Qe5+ 42. Qg3 Rh1+ 0-1

[Event "Interclubs Jeunes"]
[Site "Villepinte"]
[Date "20/12/2009"]
[Round "5.1"]
[White "Ollier, Milan"]
[Black "Domenech, Vianney"]
[Result "0-1"]
[WhiteElo "2117"]
[BlackElo "2050"]
[WhiteTeam "La Tour d'Auvergne"]
[BlackTeam "Montpellier"]

1. e4 d5 2. exd5 Qxd5 3. Nc3 Qa5 4. Bc4 Nf6 5. d3 Bg4 6. f3 Bd7 7. Bd2 Qb6 8.
Qe2 Nc6 9. O-O-O Nd4 10. Qe5 e6 11. Ne4 Nxe4 12. dxe4 f6 13. Qh5+ g6 14. Qh4 e5
15. Bc3 Bc5 16. Kb1 O-O-O 17. Qe1 Bb5 18. Bxd4 Bxd4 19. Bb3 Bf2 20. Rxd8+ Rxd8
21. Qc1 Be3 22. Qe1 Qa5 23. Nh3 Qxe1+ 24. Rxe1 Rd2 25. Be6+ Bd7 26. Bxd7+ Kxd7
27. Kc1 Bh6 28. Rd1 Rd4+ 29. f4 Bxf4+ 30. Nxf4 Rxd1+ 31. Kxd1 exf4 0-1

[Event "Interclubs Jeunes"]
[Site "Villepinte"]
[Date "20/12/2009"]
[Round "5.2"]
[White "Thinon, Lucas"]
[Black "Julien, Clement"]
[Result "0-1"]
[WhiteElo "1712"]
[BlackElo "1868"]
[WhiteTeam "Montpellier"]
[BlackTeam "La Tour d'Auvergne"]

1. d4 d5 2. Bf4 c5 3. e3 Nc6 4. Nf3 Nf6 5. Bd3 Qb6 6. Nc3 c4 7. Bf1 Qxb2 8. Ne2
Nb4 9. Rb1 Nxc2+ 10. Kd2 Ne4# 0-1

[Event "Interclubs Jeunes"]
[Site "Villepinte"]
[Date "20/12/2009"]
[Round "5.3"]
[White "Valente, Alexandre"]
[Black "Allamel, Benjamin"]
[Result "1-0"]
[WhiteElo "1889"]
[BlackElo "1400"]
[WhiteTeam "La Tour d'Auvergne"]
[BlackTeam "Montpellier"]

1. e4 c6 2. d4 d5 3. Nc3 e6 4. Be3 Nf6 5. e5 Nfd7 6. f4 c5 7. Nf3 c4 8. Be2 g6
9. O-O Bh6 10. g4 Qb6 11. Qd2 Nc6 12. f5 Bxe3+ 13. Qxe3 gxf5 14. gxf5 h6 15.
fxe6 fxe6 16. b3 cxb3 17. axb3 Nb4 18. Qd2 Nf8 19. Nb5 Ng6 20. Qxb4 Rg8 21.
Nd6+ Kd7 22. Qxb6 axb6 23. Rxa8 Nxe5+ 24. Kh1 Nxf3 25. Rxf3 Kxd6 26. Rc3 Kd7
27. Bb5+ Kd6 28. Rcxc8 Rg7 29. Rd8+ Ke7 30. Rd7+ Kf6 31. Rf8+ Kg6 32. Bd3+ Kg5
33. Rxg7+ Kh5 34. Be2+ Kh4 35. Rf4+ Kh3 36. Rg3# 1-0

[Event "Interclubs Jeunes"]
[Site "Villepinte"]
[Date "20/12/2009"]
[Round "5.4"]
[White "Agussol, Lucas"]
[Black "Labrosse, Pierre-Henri"]
[Result "1-0"]
[WhiteElo "1526"]
[BlackElo "1676"]
[WhiteTeam "Montpellier"]
[BlackTeam "La Tour d'Auvergne"]

1. Nf3 Nf6 2. d4 g6 3. c3 Bg7 4. Bf4 O-O 5. Nbd2 d6 6. e4 Nbd7 7. Be2 Re8 8. h4
e5 9. Bg5 h6 10. dxe5 hxg5 11. exf6 Bxf6 12. hxg5 Bxg5 13. Nxg5 Qxg5 14. Bf3
Nc5 15. Qc2 d5 16. c4 dxe4 17. Bxe4 f5 18. Qc3 Nxe4 19. Qh8+ Kf7 20. Rh7+ Ke6
21. Qxe8+ Kd6 22. Nxe4+ fxe4 23. c5+ Kxc5 24. Rxc7+ Kb6 25. Rxc8 Qa5+ 26. Kf1
Rxc8 27. Qxc8 Qh5 28. Qe6+ Ka5 29. b4+ Kxb4 30. Qxe4+ Ka5 31. Rb1 Qh1+ 32. Ke2
Qh5+ 33. f3 b6 34. Qb4+ Ka6 35. Qa4+ Kb7 36. Qd7+ Ka6 37. Qc8+ Ka5 38. Qb8 1-0

[Event "Interclubs Jeunes"]
[Site "Villepinte"]
[Date "20/12/2009"]
[Round "5.5"]
[White "Nord, Clara"]
[Black "Arnaud-Audiffren, Alexandre"]
[Result "0-1"]
[WhiteElo "1340"]
[BlackElo "1556"]
[WhiteTeam "La Tour d'Auvergne"]
[BlackTeam "Montpellier"]

1. e4 c5 2. Nf3 d6 3. Nc3 Nf6 4. d4 cxd4 5. Nxd4 g6 6. Bb5+ Bd7 7. Bxd7+ Qxd7
8. Bg5 Bg7 9. O-O O-O 10. Re1 h6 11. Bf4 e5 12. Be3 exd4 13. Bxd4 Nc6 14. Be3
Rfe8 15. Bf4 Rad8 16. Qd2 h5 17. Re3 d5 18. exd5 Rxe3 19. Qxe3 Nxd5 20. Nxd5
Qxd5 21. Qc1 Nd4 22. Qf1 Nxc2 23. Rb1 Qd3 24. Qc1 Bxb2 25. Qf1 Qxf1+ 26. Rxf1
Re8 27. h3 Re1 28. Rxe1 Nxe1 29. Be3 a5 30. Bd2 Nd3 31. Bxa5 Bd4 32. Kf1 Nxf2
33. Ke2 Nxh3 34. gxh3 f5 35. h4 Kf7 36. Kf3 Be5 37. Bd2 Ke6 38. a4 Kd5 39. a5
Kc5 40. Bc1 Kb5 41. Bd2 Bc7 0-1

[Event "Interclubs Jeunes"]
[Site "Villepinte"]
[Date "20/12/2009"]
[Round "5.6"]
[White "Apap, Hugo"]
[Black "Zounani, Yacine"]
[Result "1-0"]
[WhiteElo "1530"]
[BlackElo "1380"]
[WhiteTeam "Montpellier"]
[BlackTeam "La Tour d'Auvergne"]

1. d4 Nf6 2. Bf4 d5 3. e3 g6 4. Nf3 Bg7 5. Nbd2 Bf5 6. h3 Ne4 7. Be2 Nxd2 8.
Qxd2 b6 9. O-O c5 10. c3 O-O 11. Rfd1 Nc6 12. dxc5 e5 13. Bh2 e4 14. Nd4 Nxd4
15. cxd4 Qg5 16. Bf4 Qh4 17. g4 Bd7 18. Kg2 h5 19. Bg3 Qg5 20. h4 Qe7 21. Bd6
1-0

[Event "Interclubs Jeunes"]
[Site "Villepinte"]
[Date "20/12/2009"]
[Round "5.1"]
[White "Clement, Alexandre"]
[Black "Toullec, Renan"]
[Result "1/2-1/2"]
[WhiteElo "1808"]
[BlackElo "1702"]
[WhiteTeam "Villepinte"]
[BlackTeam "Toulouse C.E."]

1. e4 e5 2. Nf3 Nc6 3. Bb5 a6 4. Ba4 Nf6 5. O-O b5 6. Bb3 Be7 7. Re1 d6 8. h3
O-O 9. c3 Na5 10. Bc2 c5 11. d4 Qc7 12. Nbd2 Bd7 13. Nf1 Rfc8 14. d5 Nb7 15.
Ng3 a5 16. a4 c4 17. Nh2 b4 18. Be3 b3 19. Bb1 Nc5 20. Bxc5 Qxc5 21. Qf3 Rcb8
22. Nf5 Bxf5 23. Qxf5 Qc8 24. Qf3 Nd7 25. Nf1 Nb6 26. Qg4 Qe8 27. Ne3 Rc8 28.
Nf5 Bf8 29. Re3 g6 30. Rg3 Kh8 31. Qg5 Qd8 32. Qxd8 Rxd8 33. Ne3 Bg7 34. Rf3
Rf8 35. g4 Bh6 36. h4 Bxe3 37. Rxe3 h5 38. f3 hxg4 39. fxg4 Kg7 40. Kg2 Rh8 41.
Rh3 Rh7 42. Kg3 Rah8 43. Rh2 Nd7 44. Rh1 Nf6 45. Rh2 g5 46. h5 Nxh5+ 47. gxh5
Rxh5 48. Rxh5 Rxh5 49. Ba2 bxa2 50. Rxa2 Rh8 51. Ra1 Kg6 52. Rf1 f6 53. Rb1 Rb8
54. Kg4 Rb6 55. Kf3 f5 56. exf5+ Kxf5 57. Ke3 Rb8 58. Rf1+ Kg6 59. Rf2 Rb7 60.
Rg2 Rf7 61. Rh2 Rf8 62. Rh1 Kg7 63. Rg1 Kg6 64. Rh1 g4 65. Rh4 Rf4 66. Rh8 Kg7
67. Rh5 Kf6 1/2-1/2

[Event "Interclubs Jeunes"]
[Site "Villepinte"]
[Date "20/12/2009"]
[Round "5.2"]
[White "Bouyssieres, Max"]
[Black "Romero, Vladimir"]
[Result "0-1"]
[WhiteElo "1707"]
[BlackElo "1813"]
[WhiteTeam "Toulouse C.E."]
[BlackTeam "Villepinte"]

1. e4 c5 2. Nf3 Nc6 3. d4 cxd4 4. Nxd4 Nf6 5. Nc3 g6 6. Be3 Bg7 7. Bc4 O-O 8.
Bb3 a5 9. a4 Ng4 10. O-O Nxe3 11. fxe3 d6 12. Qd2 Bd7 13. Rf2 Ne5 14. Raf1 Rc8
15. Nd5 Rc5 16. h3 b5 17. axb5 Bxb5 18. Nxb5 Rxb5 19. Nf4 a4 20. Bxa4 Rxb2 21.
Bb3 Qd7 22. Nd3 Nxd3 23. Qxd3 e6 24. Qc4 Be5 25. Rf3 Qe7 26. Qc6 Kg7 27. Qc4
Qd7 28. Rd1 Rc8 29. Qa6 Rc3 30. Rdf1 f6 31. Qe2 Rcxb3 0-1

[Event "Interclubs Jeunes"]
[Site "Villepinte"]
[Date "20/12/2009"]
[Round "5.3"]
[White "Bellaiche, Elise"]
[Black "Wassen, Antoine"]
[Result "1/2-1/2"]
[WhiteElo "1833"]
[BlackElo "1668"]
[WhiteTeam "Villepinte"]
[BlackTeam "Toulouse C.E."]

1. e4 e5 2. Nf3 Nc6 3. d4 exd4 4. Bc4 Nf6 5. O-O d6 6. Ng5 Ne5 7. Bb3 h6 8. f4
hxg5 9. fxe5 dxe5 10. Bxg5 Bc5 11. Qd3 Qe7 12. Nd2 Bg4 13. Nf3 O-O-O 14. Bc4
Rh5 15. h4 Rf8 16. b4 Bxb4 17. Qb3 Bc5 18. Bd3 Qd6 19. Rab1 Bb6 20. a4 a5 21.
Nd2 Be6 22. Nc4 Bxc4 23. Qxc4 Qc5 24. Qb3 Qc3 25. Qa2 Qc6 26. Rbe1 Qe6 27.
Qxe6+ fxe6 28. Rf3 Kd8 29. Ref1 Ke7 30. Kf2 Rhh8 31. Ke2 Bc5 32. Kd1 Ba3 33.
Kd2 Bb4+ 34. Ke2 Bc3 35. g3 Bb4 36. Kd1 Ba3 37. Kd2 Bb4+ 38. Ke2 Rf7 39. Bc4
Rff8 40. Bd3 Rf7 41. Bc4 Rff8 1/2-1/2

[Event "Interclubs Jeunes"]
[Site "Villepinte"]
[Date "20/12/2009"]
[Round "5.4"]
[White "Dupouy, Francois"]
[Black "Stili, Karim"]
[Result "0-1"]
[WhiteElo "1813"]
[BlackElo "1660"]
[WhiteTeam "Toulouse C.E."]
[BlackTeam "Villepinte"]

1. e4 c5 2. Nf3 Nc6 3. d4 cxd4 4. Nxd4 e5 5. Nb5 d6 6. N1c3 a6 7. Na3 b5 8. Nd5
Nf6 9. Bg5 Be7 10. Bxf6 gxf6 11. c3 f5 12. Nxb5 axb5 13. Bxb5 Bd7 14. exf5 Rb8
15. Qa4 Rxb5 16. Qxb5 Nd4 17. Qb7 Nc2+ 18. Kd2 Nxa1 19. Nxe7 Kxe7 20. Rxa1 Qb8
21. Qxb8 Rxb8 22. b4 Bxf5 23. a4 Kd7 24. b5 Kc7 25. c4 Kb6 26. a5+ Ka7 27. Kc3
Rc8 28. Kb4 Be6 29. Rc1 Rg8 30. h3 Rxg2 31. c5 Rxf2 32. cxd6 Rb2+ 33. Kc5 e4
34. Kc6 e3 35. b6+ Ka6 36. Kc7 e2 37. d7 Bxd7 38. Kxd7 Rd2+ 39. Kc7 Rd1 40. Rc6
e1=Q 41. b7+ Kxa5 42. Rc5+ Kb4 43. b8=Q+ Kxc5 44. Qb6+ Kd5 45. Qd6+ Ke4 46.
Qe7+ Kd3 47. Qd7+ Ke2 48. Qe7+ Kf2 49. Qxf7+ Kg2 50. Qa2+ Rd2 51. Qa8+ Kh2 52.
Qa3 Qg3+ 0-1

[Event "Interclubs Jeunes"]
[Site "Villepinte"]
[Date "20/12/2009"]
[Round "5.5"]
[White "Ek, Alexandre"]
[Black "Bertrand, Marin"]
[Result "1-0"]
[WhiteElo "1833"]
[BlackElo "1530"]
[WhiteTeam "Villepinte"]
[BlackTeam "Toulouse C.E."]

1. e4 e5 2. Nf3 Nc6 3. Bb5 a6 4. Ba4 Nf6 5. d4 d6 6. dxe5 Nd7 7. Bxc6 bxc6 8.
Bf4 Nb6 9. O-O Bg4 10. a4 a5 11. Qd3 Be7 12. Rd1 d5 13. Nc3 Be6 14. Be3 dxe4
15. Qxe4 Nd5 16. Qc4 Qd7 17. Nxd5 cxd5 18. Qe2 O-O 19. c4 Qc6 20. Nd4 Qxc4 21.
Qxc4 dxc4 22. Nxe6 fxe6 23. Rd7 Bd8 24. Rad1 Rb8 25. Bc5 Re8 26. R1d4 Bg5 27.
h4 Bc1 28. Ba3 c3 29. Rxc7 cxb2 30. Rdd7 Bh6 31. Bxb2 Rxb2 32. g4 g6 33. Rxh7
Bf8 34. h5 g5 35. Kg2 Rb4 36. Kg3 Rxa4 37. Ra7 Rd8 38. Rhc7 Rd5 39. Rc8 Rxe5
40. h6 Rf4 41. h7+ Kh8 42. Raa8 Kxh7 43. Rxf8 Rxf8 44. Rxf8 Kg7 45. Ra8 Kf6 46.
f3 Rd5 47. Kf2 e5 48. Ke3 Ke6 49. Ra6+ Kd7 50. Ke4 Rd4+ 51. Kf5 Rf4+ 52. Kxg5
Rxf3 53. Kh6 Rg3 54. g5 Ke7 55. g6 Kf8 56. Ra8+ Ke7 57. Ra7+ Kf6 58. Rf7+ Ke6
59. Rf1 e4 60. g7 e3 61. Rf8 Ke7 62. g8=Q Rh3+ 63. Kg5 Rg3+ 64. Kf4 Rxg8 65.
Rxg8 e2 66. Rg1 a4 67. Re1 a3 68. Rxe2+ 1-0

[Event "Interclubs Jeunes"]
[Site "Villepinte"]
[Date "20/12/2009"]
[Round "5.6"]
[White "Jouanneau, Gatien"]
[Black "Le Menelec, Erwan-Son"]
[Result "0-1"]
[WhiteElo "1590"]
[BlackElo "1714"]
[WhiteTeam "Toulouse C.E."]
[BlackTeam "Villepinte"]

1. e4 e5 2. Nf3 Nf6 3. Nc3 Nc6 4. Bc4 Nxe4 5. Nxe4 d5 6. Bxd5 Qxd5 7. d3 Bg4 8.
h3 Bh5 9. g4 Bg6 10. c4 Qd7 11. b3 O-O-O 12. Ke2 Nd4+ 13. Kd2 Bb4+ 14. Nc3
Nxb3+ 15. Qxb3 Qxd3+ 16. Ke1 Bxc3+ 17. Qxc3 0-1

[Event "Interclubs Jeunes"]
[Site "Villepinte"]
[Date "20/12/2009"]
[Round "6.3"]
[White "Malka, Samuel"]
[Black "Ralaivao, Maxence"]
[Result "0-1"]
[WhiteElo "1919"]
[BlackElo "1803"]
[WhiteTeam "Lyon"]
[BlackTeam "A.E.C.E."]

1. d4 Nf6 2. c4 g6 3. Nc3 Bg7 4. e4 d6 5. Nf3 O-O 6. Be3 c5 7. d5 e5 8. Bg5 Qe8
9. h3 Nh5 10. g4 Nf6 11. Qd2 a6 12. a4 Bd7 13. Nh2 Kh8 14. h4 Ng8 15. Bd3 f5
16. gxf5 gxf5 17. exf5 Bxf5 18. Bxf5 Rxf5 19. Ne4 Qf8 20. Ng4 Nd7 21. Ng3 Rf7
22. Nh5 Ndf6 23. Ngxf6 Nxf6 24. Nxg7 Qxg7 25. Qe2 Qg6 26. O-O-O Ne4 27. Be3 Qf5
28. Rh2 b5 29. cxb5 axb5 30. Qxb5 Rfa7 31. Rd3 Ra5 32. Qb7 Rxa4 33. Ra3 Rc4+
34. Kd1 Qf3+ 35. Ke1 Rg8 36. Ra8 Qg4 37. Rxg8+ Qxg8 38. Kf1 Rb4 39. Qe7 Rxb2
40. Bg5 Rb1+ 41. Ke2 Nc3+ 42. Kd2 Qxd5+ 43. Kxc3 Qd4+ 44. Kc2 Rb2+ 45. Kc1 Qc3+
46. Kd1 Qd3+ 0-1

[Event "Interclubs Jeunes"]
[Site "Villepinte"]
[Date "20/12/2009"]
[Round "6.4"]
[White "Stark, Gabriel"]
[Black "Bombail, Leonard"]
[Result "1-0"]
[WhiteElo "1708"]
[BlackElo "1729"]
[WhiteTeam "A.E.C.E."]
[BlackTeam "Lyon"]

1. d4 Nf6 2. c4 g6 3. Nc3 Bg7 4. e4 d6 5. f4 O-O 6. Be2 c5 7. d5 Nbd7 8. Nf3
Ne8 9. O-O a6 10. a4 Qc7 11. Re1 e6 12. Nd2 e5 13. Nf3 f6 14. Rb1 exf4 15. Bxf4
Ne5 16. Be3 f5 17. Qd2 Ng4 18. h3 Nxe3 19. Qxe3 fxe4 20. Nxe4 Qe7 21. Kh1 Bf5
22. Bd3 h6 23. b4 cxb4 24. Rxb4 Bc3 25. Nxc3 Qf6 26. Bxf5 Qxf5 27. Qe6+ 1-0

[Event "Interclubs Jeunes"]
[Site "Villepinte"]
[Date "20/12/2009"]
[Round "6.5"]
[White "Caslani, Nicolas"]
[Black "Boudia, Samy"]
[Result "1/2-1/2"]
[WhiteElo "1555"]
[BlackElo "1633"]
[WhiteTeam "Lyon"]
[BlackTeam "A.E.C.E."]

1. e4 e6 2. f4 c5 3. d3 d5 4. e5 Nc6 5. Nf3 Qb6 6. c3 f6 7. Qc2 Bd7 8. g3 Rc8
9. Bg2 Qc7 10. Qe2 b5 11. Bh3 Nd8 12. exf6 Nxf6 13. Bxe6 Bxe6 14. f5 Qe7 15.
fxe6 Qxe6 16. Qxe6+ Nxe6 17. O-O Bd6 18. Re1 Kd7 19. Na3 a6 20. Ne5+ Bxe5 21.
Rxe5 Kd6 22. Re2 Rce8 23. Bd2 Rhf8 24. Rae1 g6 25. c4 Nd4 26. Bf4+ Kc6 27. Rxe8
Rxe8 28. Rxe8 Nxe8 29. Kf2 Nf6 30. h3 Ne6 31. cxb5+ axb5 32. Bd2 c4 33. Ke3 d4+
34. Ke2 cxd3+ 35. Kxd3 h5 36. Nc2 Kd5 37. Nb4+ Kc5 38. Na6+ Kd5 39. Nb4+ Kc5
40. Na6+ Kd5 41. Nb4+ Kc5 42. Na6+ Kd5 1/2-1/2

[Event "Interclubs Jeunes"]
[Site "Villepinte"]
[Date "20/12/2009"]
[Round "6.6"]
[White "O'Sullivan, Nicolas"]
[Black "Guedon, Sosthene"]
[Result "1-0"]
[WhiteElo "1780"]
[BlackElo "1607"]
[WhiteTeam "A.E.C.E."]
[BlackTeam "Lyon"]

1. d4 Nf6 2. c4 c5 3. e3 g6 4. Nf3 Bg7 5. Nc3 O-O 6. g3 b6 7. Bg2 Bb7 8. d5 d6
9. O-O Nbd7 10. h3 Ba6 11. Qb3 Rb8 12. a4 Re8 13. e4 e6 14. Bd2 exd5 15. exd5
Ne5 16. Nxe5 Rxe5 17. Rfe1 Nd7 18. f4 Rxe1+ 19. Rxe1 Bd4+ 20. Kh2 g5 21. Nb5
gxf4 22. Bxf4 Ne5 23. Qc2 Bxb5 24. axb5 Qf6 25. b3 Re8 26. Re2 Qe7 27. Kh1 Qd7
28. Kh2 Re7 29. Qd2 Qe8 30. Kh1 Bc3 31. Qxc3 Ng6 32. Rxe7 Qxe7 33. Qe3 Qf6 34.
Bh6 Qa1+ 35. Kh2 Qe5 36. Qxe5 Nxe5 37. Bf4 f6 38. g4 Kf7 39. Be4 Kg7 40. Kg3 h6
41. Kh4 Nf7 42. Kg3 Ne5 43. h4 Nf7 44. Bf5 Ne5 45. g5 h5 46. g6 Nxg6 47. Bxg6
Kxg6 48. Bxd6 1-0

[Event "Interclubs Jeunes"]
[Site "Villepinte"]
[Date "20/12/2009"]
[Round "6.7"]
[White "Larraufie, Tom"]
[Black "O'Sullivan, Thomas"]
[Result "0-1"]
[WhiteElo "1380"]
[BlackElo "1840"]
[WhiteTeam "Lyon"]
[BlackTeam "A.E.C.E."]

1. e4 e6 2. f4 d5 3. e5 c5 4. Nf3 Nc6 5. d3 Qb6 6. g3 Be7 7. Bg2 Bd7 8. c3
O-O-O 9. O-O f6 10. Nbd2 fxe5 11. fxe5 Nh6 12. Kh1 Nf5 13. Nb3 h5 14. h3 Nxg3+
15. Kh2 Nxf1+ 16. Qxf1 Rdg8 17. Bf4 g5 18. Bd2 g4 19. Ne1 gxh3 20. Kxh3 h4 21.
Kh2 Nxe5 22. d4 Ng4+ 23. Kg1 h3 24. Qe2 hxg2 25. Nxg2 Bd6 26. dxc5 Bxc5+ 27.
Kf1 Rh1# 0-1

[Event "Interclubs Jeunes"]
[Site "Villepinte"]
[Date "20/12/2009"]
[Round "6.10"]
[White "O'Sullivan, Thomas"]
[Black "Mestrallet, Ivan"]
[Result "1-0"]
[WhiteElo "1840"]
[BlackElo "1540"]
[WhiteTeam "A.E.C.E."]
[BlackTeam "Lyon"]

1. d4 d5 2. c4 e6 3. Nc3 Bb4 4. Nf3 dxc4 5. e4 Nf6 6. Bg5 h6 7. Bh4 g5 8. Nxg5
hxg5 9. Bxg5 Rg8 10. h4 b6 11. e5 Nbd7 12. exf6 Nxf6 13. Qf3 Bd7 14. Bxf6 Qb8
15. h5 Be7 16. Be5 Bd6 17. h6 Bxe5 18. h7 Rh8 19. dxe5 c5 20. Qf6 Qxe5+ 21.
Qxe5 Ke7 22. Nd5+ 1-0

[Event "Interclubs Jeunes"]
[Site "Villepinte"]
[Date "20/12/2009"]
[Round "6.1"]
[White "Neri, Jean-Baptiste"]
[Black "Gelin, Baptiste"]
[Result "0-1"]
[WhiteElo "2011"]
[BlackElo "1912"]
[WhiteTeam "Cannes"]
[BlackTeam "Créteil"]

1. e4 e5 2. Nf3 Nc6 3. d4 exd4 4. Nxd4 Bc5 5. Be3 Qf6 6. c3 Nge7 7. g3 h5 8. h4
d5 9. Bg2 Ne5 10. b4 Bb6 11. Bg5 Qg6 12. Bxe7 Kxe7 13. Qe2 Re8 14. Nd2 Kf8 15.
O-O-O a5 16. b5 Qd6 17. Nb1 Qh6+ 18. Kb2 dxe4 19. Bxe4 c5 20. Nf3 Nxf3 21. Qxf3
Bg4 22. Qg2 Bxd1 23. Rxd1 Qe6 24. Bf3 Rad8 25. Rxd8 Rxd8 26. a4 Qc4 27. Bxh5
Qxa4 28. Qxb7 Qxb5+ 29. Kc2 g6 30. Bg4 Qd3+ 31. Kb2 Qd6 32. h5 Rb8 33. Qe4 Bd8+
34. Ka1 f5 35. Bxf5 gxf5 36. Qxf5+ Bf6 37. g4 Qb6 38. Qc2 a4 39. f4 a3 40. Nxa3
Qb4 41. Ka2 Qxf4 42. g5 Qxg5 0-1

[Event "Interclubs Jeunes"]
[Site "Villepinte"]
[Date "20/12/2009"]
[Round "6.2"]
[White "Loiseau, Quentin"]
[Black "Giroyan, Gary"]
[Result "1/2-1/2"]
[WhiteElo "2185"]
[BlackElo "2181"]
[WhiteTeam "Créteil"]
[BlackTeam "Cannes"]

1. d4 d5 2. Nf3 Nf6 3. c4 e6 4. Nc3 c6 5. Bg5 dxc4 6. e4 b5 7. e5 h6 8. Bh4 g5
9. exf6 gxh4 10. Ne5 Qxf6 11. a4 Bb7 12. axb5 cxb5 13. Bxc4 a6 14. Nxb5 axb5
15. Bxb5+ Kd8 16. Rxa8 Bxa8 17. Qa4 Bd6 18. Qxa8 Bxe5 19. dxe5 Qxe5+ 20. Be2
Qxb2 1/2-1/2

[Event "Interclubs Jeunes"]
[Site "Villepinte"]
[Date "20/12/2009"]
[Round "6.3"]
[White "Lamard, Guillaume"]
[Black "Rouffignac, Tanguy"]
[Result "1-0"]
[WhiteElo "2117"]
[BlackElo "1885"]
[WhiteTeam "Cannes"]
[BlackTeam "Créteil"]

1. d4 Nf6 2. c4 g6 3. Nc3 Bg7 4. e4 d6 5. Bd3 O-O 6. Nge2 c6 7. O-O e5 8. d5
cxd5 9. cxd5 a6 10. h3 Nfd7 11. Be3 f5 12. exf5 gxf5 13. f4 e4 14. Bc2 Rf6 15.
Ng3 Nf8 16. Nh5 Rg6 17. Nxg7 Rxg7 18. Bd4 Rg6 19. Qh5 b5 20. Nd1 Qe8 21. Kh1
Nbd7 22. Ne3 Qf7 23. Nxf5 1-0

[Event "Interclubs Jeunes"]
[Site "Villepinte"]
[Date "20/12/2009"]
[Round "6.4"]
[White "Pruvot, Louis"]
[Black "Haussernot, Cecile"]
[Result "1-0"]
[WhiteElo "1881"]
[BlackElo "1949"]
[WhiteTeam "Créteil"]
[BlackTeam "Cannes"]

1. d4 Nf6 2. Nf3 c5 3. d5 b5 4. Bg5 Qb6 5. Bxf6 Qxf6 6. e4 d6 7. Bxb5+ Bd7 8.
Bxd7+ Nxd7 9. c3 g6 10. Nbd2 Bh6 11. Qe2 O-O 12. O-O Rab8 13. Nc4 Qg7 14. Na5
Rb6 15. Rab1 Kh8 16. Nd2 Rbb8 17. Nc6 Rbe8 18. Nc4 f5 19. e5 Bf4 20. e6 Nf6 21.
Rfd1 Ne4 22. f3 Nf6 23. b4 cxb4 24. Nxb4 Nh5 25. Qf2 Qh6 26. g3 Bg5 27. Nc6 Ra8
28. a4 Nf6 29. h4 f4 30. hxg5 Qxg5 31. g4 h5 32. Nd2 hxg4 33. fxg4 Nxg4 34. Nf3
Qf5 35. Qh4+ Kg7 36. Nxe7 Qe4 37. Qxg4 Rh8 38. Qxg6+ Qxg6+ 39. Nxg6 Kxg6 40.
Kf2 Kf5 41. a5 Rab8 1-0

[Event "Interclubs Jeunes"]
[Site "Villepinte"]
[Date "20/12/2009"]
[Round "6.5"]
[White "Froment, Theophile"]
[Black "Guerlach, Keigo"]
[Result "1-0"]
[WhiteElo "1834"]
[BlackElo "1640"]
[WhiteTeam "Cannes"]
[BlackTeam "Créteil"]

1. e4 e5 2. Nc3 Nf6 3. f4 d6 4. Nf3 exf4 5. d4 Nc6 6. Bxf4 Be7 7. h3 Nd7 8. g3
Nb6 9. Bg2 O-O 10. O-O Bd7 11. b3 Re8 12. e5 d5 13. a4 a5 14. Ne2 Be6 15. c3 h6
16. g4 Qd7 17. Ng3 Rad8 18. Qd2 Bf8 19. Nh5 Qe7 20. g5 hxg5 21. Bxg5 Qd7 22.
Nf6+ gxf6 23. Bxf6 Ne7 24. Qg5+ Ng6 25. Qh5 Bg7 26. Ng5 Nf8 27. Rf3 Bxf6 28.
exf6 Bf5 29. Qh6 Ne6 30. Nxe6 1-0

[Event "Interclubs Jeunes"]
[Site "Villepinte"]
[Date "20/12/2009"]
[Round "6.6"]
[White "Guo, Louis"]
[Black "Meunier, Clement"]
[Result "0-1"]
[WhiteElo "1557"]
[BlackElo "1813"]
[WhiteTeam "Créteil"]
[BlackTeam "Cannes"]

1. e4 e5 2. Nf3 Nc6 3. Bc4 Bc5 4. c3 Nf6 5. d4 exd4 6. e5 d5 7. Bb5 Ne4 8. cxd4
Bb6 9. Nc3 Bg4 10. Be3 O-O 11. O-O a6 12. Ba4 Re8 13. Qb3 Nxc3 14. bxc3 Re6 15.
Nd2 Rg6 16. f4 Ne7 17. Nf3 Nf5 18. Bd2 Bxf3 19. Rxf3 Nxd4 20. cxd4 Bxd4+ 21.
Kf1 Bxa1 0-1

[Event "Interclubs Jeunes"]
[Site "Villepinte"]
[Date "20/12/2009"]
[Round "6.7"]
[White "Raynaud, Jean-Philippe"]
[Black "Mohammad, Fahim"]
[Result "0-1"]
[WhiteElo "1220"]
[BlackElo "1832"]
[WhiteTeam "Cannes"]
[BlackTeam "Créteil"]

1. d4 d5 2. c4 e6 3. cxd5 exd5 4. Nc3 Nf6 5. Nf3 c5 6. Bf4 Be7 7. e3 a6 8. Bd3
O-O 9. O-O Bg4 10. h3 Bh5 11. Be2 Nc6 12. a3 Rc8 13. Qd3 c4 14. Qc2 Bg6 15. Qd1
Na5 16. Ne5 Bf5 17. Bf3 Nb3 18. Ra2 Ne4 19. Re1 Nxc3 20. bxc3 Qa5 21. e4 dxe4
22. Bxe4 Bxe4 23. Rxe4 Qxc3 24. Rc2 Qa1 25. Qxa1 Nxa1 26. Rxc4 Bxa3 27. Rxc8
Rxc8 28. d5 Re8 29. f3 Bd6 30. Kf2 f6 31. Ng6 Rxe4 32. fxe4 Bc5+ 33. Be3 Bxe3+
34. Kxe3 hxg6 35. Kd4 Kf7 36. g4 Ke7 37. Kc5 Kd7 38. d6 Nb3+ 39. Kd5 a5 40. Kc4
Nd2+ 41. Kb5 b6 42. h4 Kxd6 43. Ka4 Ke5 44. Kb5 Kxe4 45. Ka4 Kf4 46. Kb5 Kxg4
47. Ka4 f5 48. Ka3 f4 49. Kb2 f3 50. Kc2 f2 51. Kxd2 f1=Q 52. Ke3 Qf4+ 53. Ke2
Qf3+ 54. Kd2 Kf4 55. h5 Qe3+ 56. Kc2 gxh5 57. Kb2 h4 58. Kc2 h3 59. Kb2 h2 60.
Kc2 h1=Q 61. Kb2 Qg2+ 62. Kb1 Qe1# 0-1

[Event "Interclubs Jeunes"]
[Site "Villepinte"]
[Date "20/12/2009"]
[Round "6.8"]
[White "Mautin, Arthur"]
[Black "Le, Quan Anh"]
[Result "1/2-1/2"]
[WhiteElo "1410"]
[BlackElo "1410"]
[WhiteTeam "Cannes"]
[BlackTeam "Créteil"]

1. e4 e5 2. Nf3 Nc6 3. Bc4 Nf6 4. Ng5 d5 5. exd5 Nd4 6. c3 b5 7. cxd4 bxc4 8.
dxe5 Nxd5 9. Nf3 Be7 10. d4 O-O 11. O-O Bg4 12. Nc3 Nxc3 13. bxc3 Qd5 14. h3
Bxf3 15. Qxf3 Qxf3 16. gxf3 f6 17. Bf4 fxe5 18. Bxe5 Rxf3 19. Rac1 Rxh3 20.
Bxc7 Rh5 21. Rfe1 Rg5+ 22. Kf1 Ba3 23. Rb1 h5 24. Re5 Rxe5 25. Bxe5 Kh7 26. Kg2
Kg6 27. Kg3 Rh8 28. Kh3 Rf8 29. f4 Rf5 30. Rg1+ Kh6 31. Bxg7+ Kh7 32. Be5 Bf8
33. Rg5 Rxg5 34. fxg5 Be7 35. Bf6 Bxf6 36. gxf6 Kg6 37. Kh4 Kxf6 38. Kxh5 Kf5
39. Kh6 Ke4 40. Kg5 Kd3 41. d5 Kxc3 42. d6 Kb2 43. d7 c3 44. d8=Q c2 45. Qb8+
Ka1 46. Qc7 Kb1 47. Qb7+ Ka1 48. Qh1+ Kb2 49. Qg2 1/2-1/2